Statistics for Name a Valid Word #3

Click here to take the quiz!

General Stats

  • This quiz has been taken 38,394 times
  • The average score is 11 of 17

Answer Stats

CriteriaWords% Correct
Starts with Q, ends in Zquiz | quartz
95%
Is the last name of a U.S. Presidentbush | carter | ford | grant | hoover | pierce | trump
89%
Starts with O, is a musical instrumentoboe | ocarina | ophicleide | organ
88%
Starts with F, ends in Zfez | fiz | fizz | futz | fuzz | fritz | frizz
85%
Seven letters, starts with SIXsixfold | sixteen | sixties | sixthly
72%
Has an X, is an element of the periodic tableoxygen | xenon
70%
Is the name of a countrychad | china | guinea | turkey | others ...
68%
Seven letters, starts with OUT, ends with Koutback | outlook | outrank | outtalk | outwork
68%
Six letters, starts and ends with Wwallow | willow | window | winnow
68%
Five letters, middle letters are EMUdemur | femur | lemur
65%
Five letters, starts and ends with Kkaiak | kamik | kapok | kayak | kiosk | klick | knack |
knock | kopek | kulak
62%
Four letters, ends in Xapex | crux | faux | flax | flex | flux | hoax | ibex | jinx |
lynx | minx | onyx | others ...
60%
Is the name of a pope
(using the pope's name in English)
clement | innocent | john | mark | martin |
peter | urban | victor | others ...
60%
Japanese loanword, ends in ibonsai | emoji | kabuki | origami | samurai |
sushi | tsunami | others ...
57%
Is the name of a city with an urban area
population > 1 million
bordeaux | buffalo | cologne | mecca | phoenix |
shanghai | others ...
44%
Five letters, starts and ends with Yyolky | yucky | yummy | yuppy
42%
Is the name of a city with official
city status in England
bath | derby | hull | oxford | stoke | wells
37%

Score Distribution

Percentile by Number Answered

Percent of People with Each Score

Your Score History

You have not taken this quiz